[Event "Mittelfrank Regionalliga Nord-West 2122"]
[Site "Mittelfranken"]
[Date "2022.05.15"]
[Round "5.3"]
[White "Helm, Timo"]
[Black "Becker, Alexander"]
[Result "1-0"]
[WhiteElo "2088"]
[BlackElo "1921"]
[PlyCount "97"]
[EventDate "2021.10.24"]
[EventType "team-tourn"]
[EventRounds "9"]
[EventCountry "GER"]
[SourceTitle "EXT 2024"]
[Source "ChessBase"]
[SourceDate "2023.10.10"]
[SourceVersion "1"]
[SourceVersionDate "2023.10.10"]
[SourceQuality "1"]
[WhiteTeam "Bad Neustadt"]
[BlackTeam "Kronach"]
[WhiteTeamCountry "GER"]
[BlackTeamCountry "GER"]

1. e4 d6 2. f4 d5 3. exd5 Nf6 4. d4 Nxd5 5. c4 Nf6 6. Nc3 e6 7. Nf3 Be7 8. Bd3 0-0 9. 0-0 b6 10. Be3 Bb7 11. Qc2 Na6 12. a3 c5 13. Rad1 cxd4 14. Nxd4 Nc5 15. Be2 Qb8 16. Bf3 Bxf3 17. Rxf3 Qb7 18. b4 Nce4 19. Nxe4 Nxe4 20. Bc1 Rac8 21. Bb2 Rfd8 22. Re1 Nf6 23. f5 e5 24. Rxe5 Bd6 25. Re2 Ng4 26. Rh3 Bxh2+ 27. Rxh2 Nxh2 28. Kxh2 Qc7+ 29. Kg1 Qxc4 30. Qxc4 Rxc4 31. b5 h5 32. Re4 Rd5 33. Kh2 Kh7 34. Rh4 g6 35. fxg6+ Kxg6 36. Kh3 Re5 37. Nf3 Ree4 38. Ne5+ Rxe5 39. Rxc4 Rxb5 40. Rc6+ Kg5 41. Bf6+ Kf5 42. Be7 Rb3+ 43. Kh4 Rb2 44. Rf6+ Ke5 45. g3 a5 46. Kxh5 b5 47. Ra6 Rh2+ 48. Kg5 a4 49. Rb6 1-0

[Event "Mittelfrank Regionalliga Nord-West 2122"]
[Site "Mittelfranken"]
[Date "2021.11.14"]
[Round "2.4"]
[White "Wissel, Daniel"]
[Black "Becker, Alexander"]
[Result "1/2-1/2"]
[WhiteElo "1791"]
[BlackElo "1921"]
[PlyCount "24"]
[EventDate "2021.10.24"]
[EventType "team-tourn"]
[EventRounds "9"]
[EventCountry "GER"]
[SourceTitle "EXT 2024"]
[Source "ChessBase"]
[SourceDate "2023.10.10"]
[SourceVersion "1"]
[SourceVersionDate "2023.10.10"]
[SourceQuality "1"]
[WhiteTeam "Sailauf"]
[BlackTeam "Kronach"]
[WhiteTeamCountry "GER"]
[BlackTeamCountry "GER"]

1. d4 d5 2. Nf3 Nf6 3. e3 c6 4. Bd3 Bg4 5. 0-0 e6 6. Nbd2 Nbd7 7. c3 Bd6 8. e4 dxe4 9. Nxe4 Nxe4 10. Bxe4 Qc7 11. h3 Bh5 12. Be3 Nf6 1/2-1/2

[Event "Gau Algesheim op 1st"]
[Site "Gau Algesheim"]
[Date "2013.08.18"]
[Round "5"]
[White "Neurohr, Juergen"]
[Black "Becker, Alexander"]
[Result "1-0"]
[WhiteElo "2060"]
[BlackElo "1919"]
[PlyCount "77"]
[EventDate "2013.08.16"]
[EventType "swiss"]
[EventRounds "5"]
[EventCountry "GER"]
[SourceTitle "EXT 2015"]
[Source "ChessBase"]
[SourceDate "2014.11.20"]
[SourceVersion "1"]
[SourceVersionDate "2014.11.20"]
[SourceQuality "1"]

1. d4 d6 2. c4 e5 3. Nf3 Nd7 4. Nc3 Ngf6 5. e4 c6 6. Be2 Be7 7. Nh4 0-0 8. Nf5 Ne8 9. f4 Bf6 10. Be3 exd4 11. Nxd4 Nc5 12. 0-0 Nc7 13. Qd2 Re8 14. Bf3 Qe7 15. Rad1 Be6 16. Rfe1 Rad8 17. Nf5 Bxf5 18. exf5 Bxc3 19. Qxc3 Qf8 20. b4 Na4 21. Qb3 Nb6 22. c5 Nc8 23. cxd6 Nxd6 24. Bxa7 Rxe1+ 25. Rxe1 Na6 26. Re5 Nb5 27. Bc5 Nxc5 28. bxc5 Nd4 29. Qxb7 Nxf3+ 30. gxf3 Rd1+ 31. Kg2 Rd2+ 32. Kg3 Rxa2 33. Qxc6 Ra8 34. Qe4 Rc8 35. c6 h6 36. c7 f6 37. Re7 Kh7 38. Qe6 Kh8 39. Qf7 1-0

[Event "Gau Algesheim op 1st"]
[Site "Gau Algesheim"]
[Date "2013.08.17"]
[Round "3"]
[White "Roth, Michael"]
[Black "Becker, Alexander"]
[Result "0-1"]
[WhiteElo "1607"]
[BlackElo "1919"]
[PlyCount "60"]
[EventDate "2013.08.16"]
[EventType "swiss"]
[EventRounds "5"]
[EventCountry "GER"]
[SourceTitle "EXT 2015"]
[Source "ChessBase"]
[SourceDate "2014.11.20"]
[SourceVersion "1"]
[SourceVersionDate "2014.11.20"]
[SourceQuality "1"]

1. e4 d6 2. Nf3 e5 3. Bc4 Nf6 4. d4 Be7 5. Ng5 0-0 6. c3 c6 7. Qb3 Qe8 8. Qd1 b5 9. Bb3 Bg4 10. Nf3 Nxe4 11. Qc2 Bxf3 12. gxf3 Nf6 13. Be3 exd4 14. cxd4 c5 15. Qd2 Nc6 16. Nc3 Rb8 17. 0-0-0 c4 18. Bc2 b4 19. Ne4 b3 20. axb3 cxb3 21. Bb1 Nb4 22. Rdg1 Na2+ 23. Kd1 d5 24. Ng5 Nb4 25. Rg2 Nc2 26. Rhg1 g6 27. h4 Qb5 28. Qe2 Rfc8 29. f4 Rc4 30. h5 Nxe3+ 0-1

[Event "Rheinland Pfalz op 3rd"]
[Site "Gau Algesheim"]
[Date "2011.07.29"]
[Round "2"]
[White "Becker, Alexander"]
[Black "Schneider, Volker"]
[Result "0-1"]
[WhiteElo "1974"]
[BlackElo "2253"]
[PlyCount "76"]
[EventDate "2011.07.28"]
[EventType "swiss"]
[EventRounds "7"]
[EventCountry "GER"]
[SourceTitle "EXT 2013"]
[Source "ChessBase"]
[SourceDate "2012.11.22"]
[SourceVersion "1"]
[SourceVersionDate "2012.11.22"]
[SourceQuality "1"]

1. d4 Nf6 2. Nf3 c5 3. e3 e6 4. Bd3 b6 5. Qe2 Bb7 6. Nbd2 Be7 7. b3 cxd4 8. exd4 Nd5 9. 0-0 Nf4 10. Qe3 Nxd3 11. Qxd3 0-0 12. Re1 d6 13. Bb2 Nd7 14. Rad1 Nf6 15. c4 Rc8 16. Qe3 Re8 17. Re2 b5 18. Qf4 bxc4 19. Nxc4 Ba6 20. Rc1 d5 21. Rec2 dxc4 22. bxc4 Qc7 23. Qe3 Bb7 24. Ne5 Nd7 25. f4 Nxe5 26. fxe5 h6 27. Rd1 Bd5 28. c5 Rb8 29. Bc3 Rb5 30. Qe1 Reb8 31. g3 Ba8 32. h4 Qc6 33. Rh2 Qf3 34. Rc1 Rxc5 35. Qd2 Qxg3+ 36. Kf1 Rxc3 37. Rxc3 Rb1+ 38. Rc1 Qxh2 0-1

[Event "Rheinland Pfalz op 3rd"]
[Site "Gau Algesheim"]
[Date "2011.07.28"]
[Round "1"]
[White "Bratmann, Marc"]
[Black "Becker, Alexander"]
[Result "0-1"]
[WhiteElo "1476"]
[BlackElo "1974"]
[PlyCount "70"]
[EventDate "2011.07.28"]
[EventType "swiss"]
[EventRounds "7"]
[EventCountry "GER"]
[SourceTitle "EXT 2013"]
[Source "ChessBase"]
[SourceDate "2012.11.22"]
[SourceVersion "1"]
[SourceVersionDate "2012.11.22"]
[SourceQuality "1"]

1. e4 e6 2. d4 d5 3. e5 Ne7 4. Bd3 Nd7 5. Nf3 h6 6. 0-0 c5 7. c3 Nc6 8. Be3 Qb6 9. Qc2 Be7 10. a3 Qc7 11. Nbd2 a6 12. h3 b5 13. b4 c4 14. Be2 Nb6 15. Nh2 Bd7 16. f4 0-0-0 17. Rf3 g6 18. Raf1 h5 19. g3 Rdg8 20. Kg2 Rg7 21. R3f2 Bd8 22. Ndf3 Ne7 23. Ng5 Nf5 24. Qd2 h4 25. g4 Ng3 26. Re1 Na4 27. Bd1 Nb6 28. Rff1 f6 29. exf6 Bxf6 30. Nhf3 Re8 31. Ne5 Bxg5 32. fxg5 Ne4 33. Qc2 Qd8 34. Bf4 Nxg5 35. Bxg5 Qxg5 0-1

[Event "GER-chT Betriebe"]
[Site "Berlin"]
[Date "2006.10.07"]
[Round "6.4"]
[White "Becker, Alexander"]
[Black "Genz, Andreas"]
[Result "1-0"]
[WhiteElo "1946"]
[BlackElo "1741"]
[PlyCount "51"]
[EventDate "2006.10.05"]
[EventType "team-tourn"]
[EventRounds "7"]
[EventCountry "GER"]
[SourceTitle "EXT 2020"]
[Source "ChessBase"]
[SourceDate "2019.10.17"]
[SourceVersion "1"]
[SourceVersionDate "2019.10.17"]
[SourceQuality "1"]
[WhiteTeam "Coburg"]
[BlackTeam "Augsburg Osram"]
[WhiteTeamCountry "GER"]
[BlackTeamCountry "GER"]

1. c4 c5 2. g3 Nf6 3. Bg2 Nc6 4. Nc3 g6 5. Nf3 Bg7 6. 0-0 0-0 7. d4 Nxd4 8. Nxd4 cxd4 9. Qxd4 a6 10. Rd1 Qc7 11. Bf4 d6 12. Qd3 Rb8 13. Rac1 Ng4 14. Nd5 Qd8 15. Nxe7+ Qxe7 16. Bxd6 Qf6 17. f3 Ne5 18. Qa3 Be6 19. Bxb8 Rxb8 20. b3 Nc6 21. Qd6 Rd8 22. Qc7 Rxd1+ 23. Rxd1 Qb2 24. Kf1 Nd4 25. Qd8+ Bf8 26. Qxd4 1-0

[Event "GER-chT Betriebe"]
[Site "Berlin"]
[Date "2006.10.06"]
[Round "4.4"]
[White "Becker, Alexander"]
[Black "Gruber, Andreas"]
[Result "1-0"]
[WhiteElo "1946"]
[BlackElo "1620"]
[PlyCount "47"]
[EventDate "2006.10.05"]
[EventType "team-tourn"]
[EventRounds "7"]
[EventCountry "GER"]
[SourceTitle "EXT 2020"]
[Source "ChessBase"]
[SourceDate "2019.10.17"]
[SourceVersion "1"]
[SourceVersionDate "2019.10.17"]
[SourceQuality "1"]
[WhiteTeam "Coburg"]
[BlackTeam "SG TaxiTeam/Wiheil"]
[WhiteTeamCountry "GER"]
[BlackTeamCountry "GER"]

1. c4 Nf6 2. g3 e6 3. Bg2 d5 4. Nf3 c5 5. b3 Be7 6. Bb2 0-0 7. 0-0 Nc6 8. cxd5 exd5 9. d4 Be6 10. Nc3 Rc8 11. dxc5 Bxc5 12. Na4 Be7 13. Rc1 Ne4 14. Nd4 Nxd4 15. Bxd4 b5 16. Nb2 a5 17. Nd3 Rxc1 18. Qxc1 Qc8 19. Qb2 Nf6 20. Rc1 Qd8 21. Ne5 a4 22. bxa4 bxa4 23. Nc6 a3 24. Qb7 1-0

[Event "Bad Woerishofen op 17th"]
[Site "Bad Woerishofen"]
[Date "2001.??.??"]
[Round "3"]
[White "Becker, Alexander"]
[Black "Buchner, Rudolf"]
[Result "0-1"]
[WhiteElo "1760"]
[BlackElo "2200"]
[PlyCount "80"]
[EventDate "2001.03.15"]
[EventType "swiss"]
[EventRounds "9"]
[EventCountry "GER"]
[SourceTitle "CBM 081 Extra"]
[Source "ChessBase"]
[SourceDate "2001.05.06"]
[SourceVersion "1"]
[SourceVersionDate "2001.05.06"]
[SourceQuality "1"]

1. e4 e5 2. f4 d5 3. exd5 e4 4. d3 Nf6 5. dxe4 Nxe4 6. Nf3 Bc5 7. Qe2 Qe7 8. Be3 Bxe3 9. Qxe3 0-0 10. Nbd2 Re8 11. 0-0-0 Nxd2 12. Qxe7 Nb3+ 13. axb3 Rxe7 14. Bd3 h6 15. Rhe1 Rxe1 16. Rxe1 Kf8 17. Nd4 a6 18. b4 Nd7 19. c4 Nf6 20. Kd2 Bd7 21. Kc3 Rd8 22. Bf5 Be8 23. Be4 Bd7 24. Bf3 Bc8 25. h3 h5 26. Re5 g6 27. Re1 Rd6 28. Nc2 h4 29. c5 Nxd5+ 30. Kc4 b5+ 31. Kd4 Nxb4+ 32. Kc3 Nxc2 33. Kxc2 Rd4 34. b3 Rxf4 35. Kc3 Bxh3 36. Bb7 b4+ 37. Kd3 Be6 38. Bxa6 Bxb3 39. Ke3 g5 40. Rb1 Bd5 0-1

[Event "Bad Woerishofen op 17th"]
[Site "Bad Woerishofen"]
[Date "2001.??.??"]
[Round "2"]
[White "Camilleri, Henry"]
[Black "Becker, Alexander"]
[Result "0-1"]
[WhiteElo "2156"]
[BlackElo "1760"]
[PlyCount "92"]
[EventDate "2001.03.15"]
[EventType "swiss"]
[EventRounds "9"]
[EventCountry "GER"]
[SourceTitle "CBM 081 Extra"]
[Source "ChessBase"]
[SourceDate "2001.05.06"]
[SourceVersion "1"]
[SourceVersionDate "2001.05.06"]
[SourceQuality "1"]

1. e4 c5 2. Nf3 d6 3. d4 cxd4 4. Nxd4 Nf6 5. Nc3 a6 6. Bg5 e6 7. f4 Nc6 8. Nxc6 bxc6 9. e5 h6 10. Bh4 g5 11. fxg5 Nd5 12. Nxd5 cxd5 13. Qd2 dxe5 14. Be2 Be7 15. Bg3 Bxg5 16. Qc3 d4 17. Qc5 Bb7 18. 0-0 Qd5 19. Qxd5 Bxd5 20. Bxe5 Rg8 21. Bf3 Rd8 22. Bxd5 Rxd5 23. Bf4 Rc5 24. Bxg5 hxg5 25. c3 dxc3 26. Rac1 Ke7 27. bxc3 Rgc8 28. Rf3 f5 29. Kf2 Kf6 30. g4 f4 31. Rd3 R5c6 32. Rh3 e5 33. Rh6+ Kg7 34. Rh5 Kg6 35. h4 gxh4 36. Rxe5 Rxc3 37. Re6+ Kg5 38. Rxc3 Rxc3 39. Rxa6 Kxg4 40. Rg6+ Kf5 41. Rg8 Ra3 42. Kg2 Rg3+ 43. Rxg3 hxg3 44. a4 Ke5 45. a5 Kd5 46. a6 Kc6 0-1